[Event "EYCC 2017"]
[Site "Mamaia"]
[Date "2017.09.14"]
[Round "9"]
[White "Mochalin, Faddey"]
[Black "Oglaza, Oskar"]
[Result "1-0"]
[WhiteElo "2052"]
[BlackElo "2198"]
[Annotator "TA"]
[PlyCount "163"]
[EventDate "2017.??.??"]
[EventType "swiss"]
[EventCountry "ROU"]
[SourceTitle "playchess.com"]
[Source "ChessBase"]
[SourceQuality "1"]

{[%evp 14,163,37,37,35,0,3,-13,12,33,27,4,0,0,47,44,119,118,223,124,189,190,193,199,206,201,192,142,129,93,112,122,178,152,230,218,191,229,318,323,310,319,516,550,545,455,446,449,427,427,507,514,392,371,827,827,835,787,796,760,1216,893,5887,4981,12820,1693,12822,1428,2611,720,12828,12828,12841,12841,12841,9184,12827,12827,12828,12828,12829,12827,12828,12828,12831,12827,12833,12827,12835,12835,12837,12837,12835,12835,12837,12838,12850,12851,12851,12851,12851,12851,12851,12851,12851,12851,12851,12851,12851,12851,12851,12851,12851,12851,12851,12851,12851,12851,12851,12851,12851,12851,12851,12851,12851,12851,12851,12851,12851,12851,12851,12851,12851,12851,12851,29984,12851,29984,12851,29984,12851,29987,12851,29988,12851,12851,12851,12851,12851,29992,29992,29993]} 1. d4 f5 2. Nf3 Nf6 3. g3 g6 4. Bg2 Bg7 5. O-O O-O 6. c4 d6 7. Nc3 e6 8. b4 {LiveBook: 22 Games. A87: Dutch Defence: Leningrad System: 5 Nf3} (8. Rb1 a5 9. b3 Nc6 10. d5 Nb4 11. dxe6 Bxe6 12. Nd4 Bc8 13. Bb2 c6 14. e3 Qe7 15. a3 Na6 {½-½ (41) Shankland,S (2666)-Li,R (2577) Saint Louis 2017}) 8... Nc6 9. b5 Na5 10. Qa4 {The position is equal.} c5 11. bxc6 Nxc6 12. e3 $146 ({Predecessor:} 12. Rd1 Bd7 13. Rb1 b6 14. Qa3 Ne4 15. Nb5 Qe7 {½-½ (26) Crump,J-Lythgoe,M (1925) ICCF email 2011}) 12... Bd7 {Strongly threatening ...Nxd4!} 13. Qa3 Ne8 14. Rb1 $36 {[%mdl 2048] White has some pressure.} Bc8 (14... Na5 $14) 15. Rd1 g5 (15... Na5 $16) 16. h4 ({White should try} 16. d5 $18 exd5 17. Nxd5) 16... h6 (16... gxh4 $16 {was necessary.} 17. Nxh4 (17. gxh4 Na5 $16) 17... Na5) 17. d5 Na5 18. hxg5 hxg5 {[#]} 19. dxe6 $1 Bxe6 20. Nd4 Bxd4 21. Rxd4 Rc8 22. c5 b6 (22... Rf7 $16 23. Rb5 (23. cxd6 Nc4 $16) 23... Nc6) 23. cxd6 Nc4 (23... Rf7 $16 24. Nd5 Nc4 25. Ne7+ Rxe7 26. dxe7 Qxd4 27. exd4 Nxa3 28. Bxa3 Rc4) 24. Qxa7 $18 Nexd6 25. Ba3 Rf7 26. Qa6 Rd7 27. Rbd1 Rcc7 $2 (27... Nxa3 {is a better defense.} 28. Qxa3 Nc4) 28. Bxd6 Nxd6 29. Qxb6 Rxc3 30. Qxd8+ Rxd8 31. Rxd6 Rxd6 32. Rxd6 {[%mdl 4096] Endgame KRB-KRB} Rc1+ 33. Kh2 Kf7 $2 {[#]} (33... Bc8 34. a4 Kf7) 34. Bd5 $1 Bxd5 35. Rxd5 {KR-KR} Ke6 36. Ra5 g4 37. a4 Ra1 38. Kg2 Kf6 39. Ra7 Kg6 40. a5 (40. Ra6+ $142 Kf7 41. a5) 40... Kf6 41. a6 (41. Ra6+ $142 Ke7 42. Ra8) 41... Kg6 42. Ra8 Kf7 43. a7 Kg7 44. Kh2 Kh7 45. Rf8 Rxa7 46. Rxf5 Kg6 47. Rd5 Ra1 48. Kg2 Re1 49. Re5 Kf6 50. Re4 Kf5 51. Re8 Kf6 52. Rg8 Kf5 53. Rg7 Ra1 {[#]} 54. e4+ $1 Kxe4 55. Rxg4+ Kf5 56. Rf4+ Kg5 57. Rb4 Ra3 58. Rb5+ Kg6 59. f4 Rd3 60. Kh3 Kf6 61. Kg4 Kg6 62. Rb6+ Kg7 63. f5 Kf7 64. Kf4 Rd4+ 65. Kg5 Rd7 66. g4 Kg7 67. Rg6+ Kf7 68. Kh5 Rd1 69. Rb6 Kg7 70. Kg5 Rd7 71. Rb5 Kf7 72. Re5 Rd6 {[#]} 73. f6 $1 Rd4 (73... Rxf6 74. Rf5) 74. Kf5 Rd1 75. Re7+ (75. g5 $18 Rf1+ 76. Ke4 Re1+ 77. Kd5 Rd1+ 78. Kc6 Rc1+ 79. Kd6 Rd1+ 80. Rd5) 75... Kf8 76. Kg6 (76. g5 $18 Rd3 77. Kg6) 76... Rd6 77. Ra7 (77. g5 $18 Rd2 78. Rb7) 77... Rd8 78. Rh7 (78. g5 $18 Rc8 79. Rh7 Ke8 80. Rh8+ Kd7 81. Rxc8 Kxc8 82. Kf7 Kd7 83. g6) 78... Kg8 79. f7+ Kf8 80. Rh8+ Ke7 81. Rxd8 Kxd8 82. f8=Q+ {Precision: White = 67%, Black = 13%.} 1-0

[Event "EYCC 2017"]
[Site "Mamaia"]
[Date "2017.09.14"]
[Round "9"]
[White "Krasteva, Beloslava"]
[Black "Khamenya, Vitalia"]
[Result "1-0"]
[WhiteElo "2048"]
[BlackElo "1853"]
[Annotator "NA RC"]
[PlyCount "113"]
[EventDate "2017.??.??"]
[EventType "swiss"]
[EventCountry "ROU"]
[SourceTitle "playchess.com"]
[Source "ChessBase"]
[SourceQuality "1"]
[TimeControl "40/5400+30:1800+30"]

1. d4 {[%emt 0:00:00]} Nf6 {[%emt 0:00:08]} 2. c4 {[%emt 0:00:00]} g6 {[%emt 0:00:06]} 3. Nc3 {[%emt 0:00:05]} Bg7 {[%emt 0:00:06]} 4. e4 {[%emt 0:00:17]} d6 {[%emt 0:00:26]} 5. Nf3 {[%emt 0:00:21]} O-O {[%emt 0:00:08]} 6. Be2 {[%emt 0:00:19]} e5 {[%emt 0:01:03]} 7. d5 {[%emt 0:00:24]} a5 {[%emt 0:00:53]} 8. Be3 {[%emt 0:02:15]} Na6 {[%emt 0:01:47]} 9. a3 {[%emt 0:02:49]} Bd7 {[%emt 0:01:43]} 10. Nd2 {[%emt 0:02:46]} Ne8 {[%emt 0:04:45]} 11. O-O {[%emt 0:02:10]} f5 {[%emt 0:03:33]} 12. f3 {[%emt 0:02:11]} f4 {[%emt 0:02:54]} 13. Bf2 {[%emt 0:00:14]} g5 {[%emt 0:01:39]} 14. b4 {[%emt 0:08:03]} axb4 {[%emt 0:04:01]} 15. axb4 {[%emt 0:00:09]} Nxb4 {[%emt 0:21:49]} 16. Rb1 {[%emt 0:14:46]} Na2 {[%emt 0:02:32]} 17. Nxa2 {[%emt 0:01:16]} Rxa2 {[%emt 0:00:06]} 18. Rxb7 {[%emt 0:00:47]} Qa8 {[%emt 0:04:22]} 19. Rb1 {[%emt 0:01:55]} Ba4 {[%emt 0:03:02]} 20. Qe1 {[%emt 0:03:58]} Qa5 {[%emt 0:09:21]} 21. Nb3 {[%emt 0:01:20]} Qxe1 {[%emt 0:00:46]} 22. Rfxe1 {[%emt 0:00:15]} Nf6 {[%emt 0:01:07]} 23. Nc1 {[%emt 0:07:43]} Ra3 {[%emt 0:04:45]} 24. c5 {[%emt 0:02:06]} Nd7 {[%emt 0:03:36]} 25. c6 {[%emt 0:04:42]} Nc5 {[%emt 0:03:42]} 26. Bxc5 {[%emt 0:11:12]} dxc5 {[%emt 0:00:08]} 27. Rb7 {[%emt 0:00:50]} Rc8 {[%emt 0:01:54]} 28. Nd3 {[%emt 0:10:06]} Rc3 {[%emt 0:03:22]} 29. Nb2 {[%emt 0:01:30]} Bb3 {[%emt 0:02:21]} 30. d6 {[%emt 0:07:51]} cxd6 {[%emt 0:02:44]} 31. Rxb3 {[%emt 0:00:32]} Rxb3 {[%emt 0:01:29]} 32. Bc4+ {[%emt 0:00:08]} Kf8 {[%emt 0:00:10]} 33. Bxb3 {[%emt 0:00:09]} Rxc6 {[%emt 0:00:04]} 34. Bd5 {[%emt 0:01:20]} Ra6 {[%emt 0:01:56]} 35. Nc4 {[%emt 0:00:49]} Ke7 {[%emt 0:01:15]} 36. Rb1 {[%emt 0:00:28]} Bf8 {[%emt 0:01:56]} 37. Rb7+ {[%emt 0:01:04]} Kd8 {[%emt 0:01:24]} 38. Rxh7 {[%emt 0:01:57]} Ra1+ {[%emt 0:00:59]} 39. Kf2 {[%emt 0:00:07]} Ra2+ {[%emt 0:00:06]} 40. Kf1 {[%emt 0:00:00]} Ra1+ {[%emt 0:01:28]} 41. Ke2 {[%emt 0:00:16]} Ra2+ {[%emt 0:00:12]} 42. Nd2 {[%emt 0:00:26]} Ra3 {[%emt 0:00:37]} 43. Rh8 {[%emt 0:03:47]} Ke7 {[%emt 0:00:58]} 44. Rg8 {[%emt 0:00:36]} Re3+ {[%emt 0:09:33]} 45. Kd1 {[%emt 0:00:41]} Ra3 {[%emt 0:01:18]} 46. Rxg5 {[%emt 0:00:30]} Kf6 {[%emt 0:00:27]} 47. Rf5+ {[%emt 0:00:29]} Ke7 {[%emt 0:00:27]} 48. h4 {[%emt 0:01:05]} Ra1+ {[%emt 0:00:18]} 49. Ke2 {[%emt 0:00:25]} Rg1 {[%emt 0:00:23]} 50. Rg5 {[%emt 0:01:13]} Bh6 {[%emt 0:01:12]} 51. Rg6 {[%emt 0:01:02]} Bf8 {[%emt 0:00:19]} 52. Nc4 {[%emt 0:03:27]} Rh1 {[%emt 0:01:02]} 53. Nxd6 {[%emt 0:00:49]} Kd7 {[%emt 0:02:54]} 54. Nc4 {[%emt 0:01:18]} Rxh4 {[%emt 0:00:30]} 55. Nxe5+ {[%emt 0:00:38]} Kc7 {[%emt 0:01:55]} 56. Rc6+ {[%emt 0:00:44]} Kd8 {[%emt 0:00:51]} 57. Ng6 {[%emt 0:00:36]} 1-0

[Event "EYCC 2017"]
[Site "Mamaia"]
[Date "2017.09.14"]
[Round "9"]
[White "Nazarova, Anastasia"]
[Black "Maltsevskaya, Aleksandra"]
[Result "0-1"]
[WhiteElo "2045"]
[BlackElo "2271"]
[Annotator "TA"]
[PlyCount "76"]
[EventDate "2017.??.??"]
[EventType "swiss"]
[EventCountry "ROU"]
[SourceTitle "playchess.com"]
[Source "ChessBase"]
[SourceQuality "1"]

{[%evp 19,76,9,36,20,20,1,62,68,103,102,120,83,97,91,104,130,168,32,44,37,28,16,84,0,0,0,0,0,0,0,0,0,0,-99,-90,-92,-105,-207,-240,-239,-199,-301,-310,-434,-343,-680,-675,-679,-665,-658,-655,-640,-596,-551,-516,-708,-644,-29975,-29976]} 1. e4 c5 2. Nf3 Nc6 3. d4 cxd4 4. Nxd4 e6 5. Nc3 a6 6. Nxc6 bxc6 7. Bd3 d5 8. O-O Nf6 9. Qf3 {B46: Sicilian: Taimanov: 5 Nc3 a6} Be7 10. Qg3 Nh5 {LiveBook: 6 Games} 11. Qh3 {White is slightly better.} g6 12. Be2 $146 ({Find the theoretical novelty and annotate with similar games:} 12. e5 f5 13. Bh6 Rb8 14. Be2 Rb4 15. Bxh5 Rh4 16. Qg3 Kf7 {½-½ (47) Movsesian,S (2695)-Predojevic,B (2651) Sarajevo 2008}) 12... Nf6 (12... Ng7 $11) 13. Bh6 $14 Qc7 14. Rad1 Rb8 15. Qf3 Rg8 16. exd5 exd5 17. Rfe1 Rb4 {[#] Hoping for ...Ng4.} 18. g3 ({Better is} 18. Bg5 $1 $18 Ne4 19. Bxe7 Qxe7 20. a3 Rxb2 21. Bd3 (21. Nxe4 dxe4 22. Qc3 Rb6 $16)) 18... g5 $1 {...Rg6 is the strong threat.} 19. Bd3 {And now Qxf6 would win.} Be6 20. Bf5 Qd7 21. Re5 (21. Bxe6 $16 fxe6 22. a3 Rxb2 23. Re5) 21... Bxf5 $1 $11 22. Rxf5 Ne4 $1 23. Nxe4 ({Don't play} 23. Rxf7 g4 $14) 23... dxe4 24. Rxd7 exf3 25. Ra7 Rg6 26. Re5 (26. Ra8+ $1 $11 {keeps the balance.} Kd7 27. Bf8 Bxf8 28. Rxf8 (28. Rxf7+ Be7 $11)) 26... Re6 $40 {[%mdl 128] Black attacks with force.} 27. Rxe6 fxe6 {[%mdl 4096] Endgame KRB-KRB} 28. Bg7 {[#]} (28. Ra8+ $17 {keeps fighting.} Kf7 29. h4) 28... Re4 $1 $19 {[%cal Re4e1]} 29. Bc3 Re2 30. Kf1 ({Wrong is} 30. Rxa6 $2 Rxc2 31. Ra8+ Kf7 $19) (30. Ra8+ $142 Kf7 31. Ra7) 30... Rxc2 {( -> ...Rc1+)} 31. Ke1 g4 {aiming for ...Bg5.} 32. Bd4 $2 (32. Ra8+ Kd7 33. Rg8) 32... Bb4+ 33. Bc3 Bxc3+ 34. bxc3 Re2+ 35. Kd1 Rxa2 36. Rxh7 Rxf2 37. Rg7 Rxh2 {White must now prevent ...Rh1+.} 38. Rxg4 Rh1+ {Precision: White = 40%, Black = 62%.} 0-1

[Event "EYCC 2017"]
[Site "Mamaia"]
[Date "2017.09.14"]
[Round "9"]
[White "Allahverdiyeva, Ayan"]
[Black "Stepanyan, Eva"]
[Result "0-1"]
[WhiteElo "2042"]
[BlackElo "1927"]
[Annotator "NA RC"]
[PlyCount "80"]
[EventDate "2017.??.??"]
[EventType "swiss"]
[EventCountry "ROU"]
[SourceTitle "playchess.com"]
[Source "ChessBase"]
[SourceQuality "1"]
[TimeControl "40/5400+30:1800+30"]

1. e4 {[%emt 0:00:00]} e5 {[%emt 0:00:11]} 2. Nf3 {[%emt 0:00:00]} Nc6 {[%emt 0:00:08]} 3. Bb5 {[%emt 0:00:00]} a6 {[%emt 0:00:24]} 4. Ba4 {[%emt 0:00:00]} Nf6 {[%emt 0:00:12]} 5. O-O {[%emt 0:00:10]} Be7 {[%emt 0:00:07]} 6. Re1 {[%emt 0:00:14]} b5 {[%emt 0:00:34]} 7. Bb3 {[%emt 0:00:04]} d6 {[%emt 0:00:44]} 8. c3 {[%emt 0:00:45]} O-O {[%emt 0:00:09]} 9. d4 {[%emt 0:00:10]} Bg4 {[%emt 0:00:49]} 10. Be3 {[%emt 0:00:32]} h6 {[%emt 0:09:36] C91: Closed Ruy Lopez: 7...d6 8 c3 0-0 9 d4} (10... Bh5 11. Nbd2 Na5 12. Bc2 Ng4 13. Qe2 Nxe3 14. Qxe3 Bxf3 15. Nxf3 Nc4 16. Qc1 Bf6 17. a4 b4 18. cxb4 exd4 19. Bd3 {½-½ (48) Nepomniachtchi,I (2742)-Svidler,P (2749) Saint Louis 2017}) 11. Nbd2 {[%emt 0:02:05]} Re8 {[%emt 0:03:31]} 12. Bc2 {[%emt 0:11:03]} Bf8 {[%emt 0:03:17]} 13. d5 {[%emt 0:01:11]} Na5 {[%emt 0:01:28]} 14. Nf1 {[%emt 0:00:52]} Qc8 $146 {[%emt 0:01:16]} ({Predecessor:} 14... c5 15. h3 Bd7 16. g4 g6 17. Ng3 Bg7 18. Kh2 Kh7 19. g5 {1-0 (39) Premanath,D (1819)-Dragieva,D (1727) Kemer 2009}) 15. h3 {[%emt 0:01:42]} Bd7 {[%emt 0:00:24]} 16. Ng3 {[%emt 0:02:34]} c6 {[%emt 0:02:09]} (16... Nc4 $5 {[%cal Rc4b2]}) 17. dxc6 {[%emt 0:12:28]} Qxc6 {[%emt 0:00:20]} 18. Nh4 {[%emt 0:05:11]} Nc4 {[%emt 0:03:51]} 19. Bc1 {[%emt 0:00:53]} Be6 {[%emt 0:05:08]} 20. Qf3 {[%emt 0:05:04]} Nd7 {[%emt 0:11:38]} 21. Nhf5 {[%emt 0:03:46]} Kh7 {[%emt 0:05:12]} (21... a5 $11) 22. Ne3 $11 {[%emt 0:12:58]} (22. Nd4 $16 Qc7 23. Nxe6 fxe6 24. Nh5) 22... g6 {[%emt 0:09:37]} 23. Ng4 {[%emt 0:16:28]} Bg7 {[%emt 0:04:40]} 24. Nf5 {[%emt 0:05:50]} Bxf5 {[%emt 0:09:24]} 25. exf5 {[%emt 0:00:16]} d5 {[%emt 0:02:15]} 26. Qg3 {[%emt 0:05:14]} e4 {[%emt 0:04:25]} 27. Qh4 {[%emt 0:00:13]} gxf5 {[%emt 0:01:29]} 28. Ne3 {[%emt 0:01:09]} Qe6 {[%emt 0:04:45]} 29. Qh5 {[%emt 0:02:14]} Nxe3 {[%emt 0:02:20]} 30. Bxe3 {[%emt 0:01:03]} Be5 {[%emt 0:02:38]} 31. f4 {[%emt 0:03:16]} Bc7 {[%emt 0:01:54]} 32. g4 {[%emt 0:01:30]} Rg8 {[%emt 0:02:50]} 33. Kh1 {[%emt 0:02:16]} fxg4 {[%emt 0:01:30]} 34. f5 {[%emt 0:00:09]} Qd6 {[%emt 0:00:36]} 35. hxg4 {[%emt 0:01:22]} Rxg4 {[%emt 0:03:23]} 36. Bxe4 {[%emt 0:01:44]} dxe4 {[%emt 0:03:35]} 37. Rad1 {[%emt 0:00:07]} Qg3 {[%emt 0:00:40]} 38. Qxf7+ {[%emt 0:01:47]} Rg7 {[%emt 0:00:06]} 39. Qg6+ {[%emt 0:00:38]} Rxg6 {[%emt 0:00:16]} 40. fxg6+ {[%emt 0:00:00]} Kg8 {[%emt 0:00:12]} 0-1

[Event "EYCC 2017"]
[Site "Mamaia"]
[Date "2017.09.14"]
[Round "9"]
[White "Lomandong Noela-Joyce"]
[Black "Goltseva, Ekaterina"]
[Result "1/2-1/2"]
[WhiteElo "2040"]
[BlackElo "2214"]
[Annotator "TA"]
[PlyCount "88"]
[EventDate "2017.??.??"]
[EventType "swiss"]
[EventCountry "ROU"]
[SourceTitle "playchess.com"]
[Source "ChessBase"]
[SourceQuality "1"]

{[%evp 12,88,-21,-16,0,-24,-3,-3,0,-37,11,8,11,-2,-2,-21,-8,-15,-24,-28,-13,-54,-54,-52,-49,-59,-46,-47,-27,-39,-33,-45,-23,-40,0,-33,-12,-14,-8,-24,12,-45,-44,-39,-45,-50,-54,-64,-22,-34,-23,-23,-23,-21,-16,-23,-16,-23,-6,-20,-15,-25,-8,-11,0,-18,-12,-22,0,0,0,-38,0,-42,0,-34,0,-46,0]} 1. c4 Nf6 2. g3 e6 3. Bg2 d5 4. cxd5 exd5 5. d4 c6 6. Nc3 Bd6 7. Nf3 {LiveBook: 23 Games} h6 {D35: Queen's Gambit Declined: Exchange Variation} (7... O-O 8. Bf4 Re8 9. e3 Bxf4 10. gxf4 Ne4 11. Nxe4 dxe4 12. Ne5 Bf5 13. O-O Nd7 14. Qb3 Re7 15. Rfc1 {1-0 (44) Jobava,B (2712)-Kanmazalp,O (2448) Reykjavik 2017}) 8. Qd3 Be6 9. Bf4 $146 ({Find the theoretical novelty and annotate with similar games:} 9. O-O Nbd7 10. Bf4 Bxf4 11. gxf4 g6 12. Ne5 Nh5 13. e3 Qh4 14. Rfc1 Nxe5 15. dxe5 {0-1 (35) Wrinn,S (2335)-Petersen,S (2190) ICCF corr 1989}) 9... O-O {The position is equal.} 10. Be5 Ng4 11. Bxd6 Qxd6 12. h3 Nf6 13. g4 Nbd7 14. g5 hxg5 15. Nxg5 Qf4 16. Nxe6 fxe6 17. e3 Qh4 18. Rf1 e5 19. O-O-O exd4 20. Qxd4 Qxd4 21. Rxd4 Rad8 22. Ne2 Rfe8 23. Rfd1 Ne5 24. Nf4 g5 25. Ne2 Nc4 26. R4d3 (26. h4 $11) 26... Nd6 27. Rg1 Kf7 28. Nd4 Rg8 29. Bf3 Rdf8 30. Rdd1 Ke7 (30... Re8 {with more complications.} 31. Bg4 Rh8 32. Nf5 Nfe4 33. Nd4 Nc4) 31. Rg2 Nfe4 32. Bxe4 Nxe4 33. f3 Nd6 34. Rg3 Kf6 35. Rdg1 (35. e4 $5) 35... c5 36. Nc2 $1 Nf5 37. Rg4 Nh6 38. R4g2 Re8 39. Rd1 Re5 40. Rdg1 Ree8 41. Kd2 Rd8 42. Ke2 Rde8 43. Kd2 Rd8 44. Ke2 Rde8 {Precision: White = 45%, Black = 37%.} 1/2-1/2

[Event "EYCC 2017"]
[Site "Mamaia"]
[Date "2017.09.14"]
[Round "9"]
[White "Mironenko, Galina"]
[Black "Zhurova, Anna"]
[Result "1-0"]
[WhiteElo "2035"]
[BlackElo "1864"]
[Annotator "NA RC"]
[PlyCount "83"]
[EventDate "2017.??.??"]
[EventType "swiss"]
[EventCountry "ROU"]
[SourceTitle "playchess.com"]
[Source "ChessBase"]
[SourceQuality "1"]
[TimeControl "40/5400+30:1800+30"]

1. g3 {[%emt 0:00:00]} d5 {[%emt 0:11:23]} 2. Bg2 {[%emt 0:00:00]} Nf6 {[%emt 0:00:47]} 3. Nf3 {[%emt 0:00:05]} e6 {[%emt 0:00:56]} 4. c4 {[%emt 0:00:07]} Be7 {[%emt 0:01:24]} 5. cxd5 {[%emt 0:00:23]} exd5 {[%emt 0:00:34]} 6. O-O {[%emt 0:00:10]} O-O {[%emt 0:00:33]} 7. Qc2 {[%emt 0:00:07]} c5 {[%emt 0:00:39]} 8. d4 {[%emt 0:01:40]} c4 {[%emt 0:01:28]} 9. Nc3 {[%emt 0:10:37]} Nc6 {[%emt 0:01:08]} 10. Bg5 {[%emt 0:06:44]} h6 {[%emt 0:03:29]} 11. Bxf6 {[%emt 0:09:13]} Bxf6 {[%emt 0:00:19]} 12. Rad1 {[%emt 0:01:59]} Re8 {[%emt 0:06:24]} 13. b3 {[%emt 0:21:40]} Bg4 {[%emt 0:06:47]} 14. e3 {[%emt 0:09:54]} Rc8 {[%emt 0:12:57]} 15. bxc4 {[%emt 0:04:46]} dxc4 {[%emt 0:00:15]} 16. Rb1 {[%emt 0:05:10]} Qd7 {[%emt 0:09:07]} 17. Qb2 {[%emt 0:03:01]} Bf5 {[%emt 0:04:51]} 18. Rbc1 {[%emt 0:05:02]} a6 {[%emt 0:03:23]} 19. a4 {[%emt 0:06:13]} Rb8 {[%emt 0:06:05]} 20. Nd2 {[%emt 0:05:30]} Bd3 {[%emt 0:04:23]} 21. Rfd1 {[%emt 0:03:10]} b5 {[%emt 0:03:01]} 22. axb5 {[%emt 0:00:50]} axb5 {[%emt 0:00:25]} 23. Nd5 {[%emt 0:01:30]} Be7 {[%emt 0:01:56]} 24. Nxe7+ {[%emt 0:00:45]} Rxe7 {[%emt 0:10:01]} 25. Nb3 {[%emt 0:00:30]} Qd6 {[%emt 0:00:49]} 26. Bxc6 {[%emt 0:01:24]} Qxc6 {[%emt 0:00:59]} 27. Rxd3 {[%emt 0:00:31]} Qg6 {[%emt 0:00:00]} 28. Rdc3 {[%emt 0:00:21]} cxb3 {[%emt 0:00:05]} 29. Qxb3 {[%emt 0:00:33]} Qa6 {[%emt 0:02:11]} 30. Qb4 {[%emt 0:00:40]} Ra7 {[%emt 0:01:37]} 31. Rc5 {[%emt 0:01:05]} Kh8 {[%emt 0:02:05]} 32. Rb1 {[%emt 0:00:30]} Rab7 {[%emt 0:00:11]} 33. d5 {[%emt 0:00:41]} Rb6 {[%emt 0:02:03]} 34. Rbc1 {[%emt 0:00:34]} Rf6 {[%emt 0:00:35]} 35. e4 {[%emt 0:00:55]} Qa2 {[%emt 0:00:55]} 36. R5c2 {[%emt 0:00:16]} Qa6 {[%emt 0:00:24]} 37. e5 {[%emt 0:00:33]} Rf5 {[%emt 0:00:29]} 38. Qe4 {[%emt 0:00:24]} g6 {[%emt 0:00:49]} 39. g4 {[%emt 0:00:44]} Rg5 {[%emt 0:00:26]} 40. h4 {[%emt 0:00:00]} f5 {[%emt 0:00:09]} 41. exf6 {[%emt 0:00:32]} Qxf6 {[%emt 0:00:04]} 42. hxg5 {[%emt 0:00:16]} 1-0

[Event "EYCC 2017"]
[Site "Mamaia"]
[Date "2017.09.14"]
[Round "9"]
[White "Rogozenco, Teodora"]
[Black "Karykowska, Anna"]
[Result "1-0"]
[WhiteElo "2024"]
[BlackElo "1884"]
[Annotator "NA RC"]
[PlyCount "53"]
[EventDate "2017.??.??"]
[EventType "swiss"]
[EventCountry "ROU"]
[SourceTitle "playchess.com"]
[Source "ChessBase"]
[SourceQuality "1"]
[TimeControl "40/5400+30:1800+30"]

1. d4 {[%emt 0:00:00]} d5 {[%emt 0:00:12]} 2. c4 {[%emt 0:00:01]} c6 {[%emt 0:00:28]} 3. Nf3 {[%emt 0:01:49]} Nf6 {[%emt 0:04:25]} 4. Nbd2 {[%emt 0:03:21]} Bf5 {[%emt 0:03:38]} 5. Nh4 {[%emt 0:00:11]} Bg6 {[%emt 0:01:00]} 6. Qb3 {[%emt 0:00:12]} Qb6 {[%emt 0:03:41]} 7. Qh3 {[%emt 0:00:29]} Nbd7 {[%emt 0:07:07]} 8. Nxg6 {[%emt 0:00:14]} fxg6 {[%emt 0:01:04]} 9. e3 {[%emt 0:03:35]} O-O-O {[%emt 0:06:01]} 10. Be2 {[%emt 0:04:43]} Kb8 {[%emt 0:02:40]} 11. c5 {[%emt 0:07:41]} Qc7 {[%emt 0:01:50]} 12. Qe6 {[%emt 0:14:53]} g5 {[%emt 0:04:25]} 13. b4 {[%emt 0:04:28]} g6 {[%emt 0:04:27]} 14. b5 {[%emt 0:08:00]} Bh6 {[%emt 0:04:54]} 15. Rb1 {[%emt 0:01:24]} Ka8 {[%emt 0:04:49]} 16. O-O {[%emt 0:01:55]} Nf8 {[%emt 0:03:22]} 17. Qh3 {[%emt 0:00:39]} Bg7 {[%emt 0:01:02]} 18. b6 {[%emt 0:17:07]} axb6 {[%emt 0:04:02]} 19. cxb6 {[%emt 0:01:45]} Qd6 {[%emt 0:03:52]} 20. e4 {[%emt 0:01:09]} Nxe4 {[%emt 0:06:20]} 21. Ba3 {[%emt 0:05:07]} Qf6 {[%emt 0:05:40]} 22. Nxe4 {[%emt 0:05:58]} dxe4 {[%emt 0:00:25]} 23. Bc5 {[%emt 0:01:46]} Kb8 {[%emt 0:09:23]} 24. Qa3 {[%emt 0:00:12]} Nd7 {[%emt 0:05:57]} 25. Bxe7 {[%emt 0:00:55]} Qf7 {[%emt 0:00:33]} 26. Bd6+ {[%emt 0:00:20]} Kc8 {[%emt 0:00:05]} 27. Bg4 {[%emt 0:01:49]} 1-0

[Event "EYCC 2017"]
[Site "Mamaia"]
[Date "2017.09.14"]
[Round "9"]
[White "Bulatova, Kamaliya"]
[Black "Raccanello, Marianna"]
[Result "1-0"]
[WhiteElo "2014"]
[BlackElo "1906"]
[Annotator "NA RC"]
[PlyCount "95"]
[EventDate "2017.??.??"]
[EventType "swiss"]
[EventCountry "ROU"]
[SourceTitle "playchess.com"]
[Source "ChessBase"]
[SourceQuality "1"]
[TimeControl "40/5400+30:1800+30"]

1. d4 {[%emt 0:00:00]} d5 {[%emt 0:00:09]} 2. Bf4 {[%emt 0:00:00]} Nf6 {[%emt 0:00:10]} 3. e3 {[%emt 0:00:00]} c5 {[%emt 0:00:09]} 4. c3 {[%emt 0:00:00]} Nc6 {[%emt 0:00:11]} 5. Nf3 {[%emt 0:02:07]} Qb6 {[%emt 0:00:09]} 6. b3 {[%emt 0:02:35]} Bf5 {[%emt 0:05:07]} 7. Bd3 {[%emt 0:02:49]} Bg6 {[%emt 0:04:28]} 8. O-O {[%emt 0:00:53]} e6 {[%emt 0:00:22]} 9. Qe2 {[%emt 0:08:41]} Be7 {[%emt 0:04:13]} 10. Nbd2 {[%emt 0:00:56]} O-O {[%emt 0:00:50]} 11. Ne5 {[%emt 0:02:54]} Rac8 {[%emt 0:10:38]} 12. Bg5 {[%emt 0:09:10]} Rfd8 {[%emt 0:06:27]} 13. f4 {[%emt 0:15:56]} Qa5 {[%emt 0:21:38]} 14. Bxg6 {[%emt 0:10:56]} hxg6 {[%emt 0:01:51]} 15. Qd3 {[%emt 0:03:39]} Re8 {[%emt 0:09:33]} 16. Rac1 $11 {[%emt 0:10:30]} b5 {[%emt 0:11:43]} 17. dxc5 {[%emt 0:09:47]} Nxe5 {[%emt 0:00:31]} 18. fxe5 {[%emt 0:00:05]} Nd7 {[%emt 0:00:10]} 19. Bxe7 {[%emt 0:02:54]} Rxe7 {[%emt 0:00:05]} 20. b4 {[%emt 0:00:27]} Nxe5 {[%emt 0:00:25]} 21. Qd4 {[%emt 0:00:56]} Qc7 {[%emt 0:00:07]} 22. Nf3 {[%emt 0:01:00]} Nc4 {[%emt 0:00:55]} 23. e4 {[%emt 0:03:34]} e5 {[%emt 0:03:38]} 24. Qd3 {[%emt 0:01:09]} Rd8 {[%emt 0:00:06]} 25. Qe2 {[%emt 0:00:29]} Red7 {[%emt 0:07:54]} 26. Ng5 {[%emt 0:01:25]} Qc6 {[%emt 0:01:30]} 27. Qg4 {[%emt 0:02:26]} f6 {[%emt 0:00:40]} 28. Qe6+ {[%emt 0:01:22]} Qxe6 {[%emt 0:00:10]} 29. Nxe6 {[%emt 0:00:01]} Re8 {[%emt 0:00:21]} 30. c6 {[%emt 0:01:35]} Rd6 {[%emt 0:00:28]} 31. Nc7 {[%emt 0:00:14]} Rb8 {[%emt 0:04:45]} 32. exd5 {[%emt 0:01:08]} Kf8 {[%emt 0:03:23]} 33. Rfd1 {[%emt 0:01:58]} Ke7 {[%emt 0:00:30]} 34. Kf2 {[%emt 0:00:29]} f5 {[%emt 0:01:01]} 35. Ra1 {[%emt 0:01:18]} Nb2 {[%emt 0:01:00]} 36. Rdb1 {[%emt 0:00:38]} Na4 {[%emt 0:00:04]} 37. Rb3 {[%emt 0:00:41]} Kd8 {[%emt 0:01:48]} 38. Ne6+ {[%emt 0:00:30]} Ke7 {[%emt 0:00:03]} 39. Rd1 {[%emt 0:00:31]} Nb6 {[%emt 0:00:38]} 40. Nc7 {[%emt 0:00:00]} Na4 {[%emt 0:01:00]} 41. Ra3 {[%emt 0:02:03]} a6 {[%emt 0:11:18]} 42. Nxa6 {[%emt 0:02:00]} Rc8 {[%emt 0:00:06]} 43. Rxa4 {[%emt 0:03:06]} bxa4 {[%emt 0:00:11]} 44. b5 {[%emt 0:00:03]} Ra8 {[%emt 0:02:26]} 45. c4 {[%emt 0:00:13]} Kd8 {[%emt 0:00:31]} 46. c5 {[%emt 0:00:30]} Rf6 {[%emt 0:00:09]} 47. d6 {[%emt 0:01:02]} Rf8 {[%emt 0:00:35]} 48. Nc7 {[%emt 0:00:37]} 1-0